Statistics for Space, Animal or Water?

Click here to take the quiz!

General Stats

  • This quiz has been taken 858 times
    (841 since last reset)
  • The average score is 15 of 16

Answer Stats

QuestionAnswer% Correct
RiverWater
100%
Black HoleSpace
99%
SaturnSpace
99%
TortoiseAnimal
98%
NebulaSpace
98%
Sputnik 1Space
98%
FlockAnimal
94%
AstrologySpace
94%
AquiferWater
94%
Proxima CentauriSpace
92%
FaucetWater
92%
PiscivoreAnimal
87%
DeltaWater
86%
LoxodontaAnimal
79%
EstuaryWater
78%
Challenger DeepWater
75%

Score Distribution

Percentile by Number Answered

Percent of People with Each Score

Your Score History

You have not taken this quiz since the last reset